000 00289nam a22001217a 4500
005 20230524092300.0
008 230524b |||||||| |||| 00| 0 eng d
082 _a620.003
_bPUB-N
245 _aNew Mechanical Engineering Dictionary
300 _a740
650 _aEngineering
999 _c18439
_d18439